00481nam a2200169 a 4500001001300000003000900013005001700022008004100039020002300080082001700103100003600120245005500156260004100211300000900252500003500261505001500296nice12345678IN_TiNIC20260116014147.0050524s2001 dela grp 000 0 eng  a8171012388 c10000a297.4bGHA17 aGhazali Al, Imam Abu Hamid Mohd aMinhajul Abideen, the Best Way for the Worshippers aDelhibIdara Ishaat-E-diniyat c2001 a416p aincludes index and biblioraphy2 aConclusion